| 000 | 00680nam a22001937a 4500 | ||
|---|---|---|---|
| 999 |
_c18757 _d18757 |
||
| 003 | AR-CdUCM | ||
| 008 | 190515b ||||| |||| 00| 0 spa d | ||
| 040 |
_aMUNICIPALIDAD PROVINCIAL DEL CUSCO _cBIBLIOTECA MUNICIPAL DEL CUSCO |
||
| 082 |
_a985.061 / _bM58 |
||
| 100 |
_aMilla Batres, Carlos _914813 |
||
| 245 |
_aGuerra con Chile la campaña del sur : _bMemoria del general Juan Buendia y otros documentos ineditos / |
||
| 260 |
_aLima : _bCarlos Milla Batres, _c1967. |
||
| 300 |
_a236 paginas ; _c23 cm. |
||
| 500 | _aTodo acerca de la guerra con Chile y su campaña | ||
| 650 |
_aChile _91150 |
||
| 650 |
_aGuerra _91007 |
||
| 942 |
_2ddc _cLIBROS |
||
| 945 |
_apjha _d2018-05-15 |
||